000 00633nam a2200229Ia 4500
003 OSt
005 20220918210453.0
006 a|||||r|||| 00| 0
007 ta
008 220917b |||||||| |||| 00| 0 eng d
024 _a120,661
037 _cTextual
040 _aARTS
_cARTS
_beng
041 _2eng
_aeng
082 _aV691:2.N, 122G9
100 _aFenard G
_9118363
245 0 _aIndigenes fonctionnaires a Madagrascar
_b Etude historique de legisation ed de jpolitique coloniales
260 _c1939
650 _aHISTORY
942 _hV691:2.N, 122G9
_cTEXL
_2CC
999 _c243919
_d243919